Normal view
MARC view
- Anastacio, Ma. Flordeliza
Entry Personal Name
001 - CONTROL NUMBER
- control field: 3617
003 - CONTROL NUMBER IDENTIFIER
- control field: URS
005 - DATE AND TIME OF LATEST TRANSACTION
- control field: 20230206152744.0
008 - FIXED-LENGTH DATA ELEMENTS
- fixed length control field: 230206|| aca||aabn | a|a d
040 ## - CATALOGING SOURCE
- Original cataloging agency: URS
100 ## - HEADING--PERSONAL NAME
- Personal name: Anastacio, Ma. Flordeliza
- Relator term: author